000
00323nam a22001457a 4500
020
_a
817573854-5
082
_a
920
_b
DUA/S
100
_a
DUA,SHYAM
245
_a
THE LUMINOUS LIFE OF SHIVAJI
250
_a
FIRST
260
_a
DELHI
_b
TINY TOT PUBLICATIONS
_c
2004
300
_a
95
650
_a
BIOGRAPHY
_z
DELHI
942
_c
BK
999
_c
6115
_d
6115